000 01042nac a22002897a 4500
001 BR8303289
003 BR-BrBNA
005 20240105115746.0
008 230509b bl.|||m| |||| 00| 0 por d
040 _aBR-BrBNA
_bpor
_cBiblioteca Nacional de Agricultura
072 _aH60
090 _a3876 BR8303289
100 1 _aMoraes, V.H.F.
110 1 _aCentro Nacional de Pesquisa da Seringueira e Dende, Manaus, AM (Brasil)
245 1 _aControle quimico de plantas daninhas na cultura da seringueira na Amazonia [Hevea brasiliensis, capim gengibre, Paspalum maritimum, tiririca, Cyperus rotundus, herbicida, Brasil]
260 3 _aManaus, AM (Brasil):
_c1983.
300 _a37 p.
490 _aCircular Tecnica - Centro Nacional de Pesquisa da Seringueira e Dende (Brazil)
_vno. 3
_xISSN 0101-9066
650 _aERVA DANINHA
650 _aSERINGUEIRA
650 _aCAPIM GENGIBRE
650 _aTIRIRICA
650 _aHERBICIDA
650 _aAMAZONIA
909 _a202312
_bLúcia Elande
_c55
_dLúcia Elande
942 _2AGRIS
_n0
_cMS
999 _c276261
_d276261